Library of the University of Algiers 3
Ibrahim Sultan Cheibout
شعار جامعة الجزائر 3
مكتبة جامعة الجزائر 3
إبراهيم سلطان شيبوط

مشكلات الحضارة : (رقم التسجيلة. 42969)

تفاصيل مارك
000 -LEADER
fixed length control field 01581nam a2200205Ia 4500
003 - CONTROL NUMBER IDENTIFIER
control field Ost
005 - DATE AND TIME OF LATEST TRANSACTION
control field 20260507075114.0
008 - FIXED-LENGTH DATA ELEMENTS--GENERAL INFORMATION
fixed length control field 260507s9999||||xx |||||||||||||| ||und||
020 ## - INTERNATIONAL STANDARD BOOK NUMBER
International Standard Book Number 1575470357
040 ## - CATALOGING SOURCE
Transcribing agency fsecg
041 ## - LANGUAGE CODE
Language code of text/sound track or separate title ara
082 ## - DEWEY DECIMAL CLASSIFICATION NUMBER
Classification number 330
100 ## - MAIN ENTRY--PERSONAL NAME
Personal name بن نبي، مالك
Relator term مؤلف
245 #0 - TITLE STATEMENT
Title مشكلات الحضارة :
Remainder of title المسلم في عالم الاقتصاد /
Statement of responsibility, etc. مالك بن نبي
260 ## - PUBLICATION, DISTRIBUTION, ETC.
Place of publication, distribution, etc. دمشق:
Name of publisher, distributor, etc. دار الفكر,
Date of publication, distribution, etc. 2002
300 ## - PHYSICAL DESCRIPTION
Extent 112 صفحة؛
Dimensions 24 سم
520 ## - SUMMARY, ETC.
Summary, etc. صور العلاقات الاقتصادية الراهنة في العالم،الاقتصاد والاقتصادانية،حدود الاختيار الإسلامي بين المناهج الموجودة،خريطة توزيع الإمكانات الاقتصادية في العالم،حدود التفسير الاقتصادي البحت لتوزيع الإمكانات،الأسس الحضارية لعالم الاقتصاد،دور المال في اختزان العمل،الاستثمار المالي والاستثمار الاجتماعي،تحقيق الديناميكا الاقتصادية على أساس مبدئي،الأساس الأخلاقي لعمليتي الإنتاج والتوزيع،المعادلة البيولوجية والمعادلة الاجتماعية للفرد في التجارب الحديثة،ضرورة الاكتفاء الذاتي والتطور من الاقتصاد الوطني إلى اقتصاد جهوي لتحقيق الاكتفاء
653 ## - INDEX TERM--UNCONTROLLED
Uncontrolled term الاقتصاد الاسلامي
942 ## - ADDED ENTRY ELEMENTS (KOHA)
Koha item type كتب
المقتنيات
Withdrawn status Lost status Source of classification or shelving scheme Damaged status Not for loan Home library Current library Date acquired Serial enumeration / chronology Inventory number Total checkouts Full call number Barcode Date last seen Price effective from Koha item type
    Dewey Decimal Classification   NOT LOAN / إعارة داخلية مكتبة كلية العلوم الإقتصادية والعلوم التجارية وعلوم التسيير مكتبة كلية العلوم الإقتصادية والعلوم التجارية وعلوم التسيير 07/05/2026 الطابق الأرضي 1/1580   أ/1580ن1 1/1580 07/05/2026 07/05/2026 كتب

موارد الويب المفتوحة


© University of Algiers 3 All Rights Reserved
|
Implemented by LECHELAH Riad